Directory of neotropical ornithology / (Registro nro. 4657)
[ vista simple ]
| 000 -CABECERA | |
|---|---|
| Campo de control | 00675nam a2200193 a 4500 |
| 005 - FECHA Y HORA DE LA ULTIMA TRANSACCION | |
| Campo de control | 20160108040604.0 |
| 008 - ELEMENTOS DE LONGITUD FIJA—INFORMACION GENERAL | |
| Campo de control | 140317b1993 ||||| |||| 00| 0 eng d |
| 040 ## - FUENTE DE CATALOGACIÓN | |
| Agencia catalogadora original | CO-BoIAVH |
| Agencia transcriptora | CO-BoIAVH |
| 041 ## - IDIOMA | |
| Código de idioma para texto/pista de sonido o título separado | Inglés |
| 082 04 - NUMERO DE CLASIFICACION DECIMAL DEWEY | |
| Número de clasificación | 598 |
| Número del ítem | D59d |
| 245 00 - MENCION DE TITULO | |
| Título | Directory of neotropical ornithology / |
| Parte restante del título | Compiled by Kenneth V. Rosenberg, and David A. Wiedenfeld. |
| 250 ## - MENCION DE EDICION | |
| Mención de edición | Segunda edición |
| 260 ## - PUBLICACION, DISTRIBUCION, ETC. (PIE DE IMPRENTA) | |
| Lugar de publicación, distribución, etc. | [Sin lugar de publicación] : |
| Nombre del editor, distribuidor, etc. | American Ornithologists Union, |
| Fecha de publicación, distribución, etc. | 1993. |
| 300 ## - DESCRIPCION FISICA | |
| Extensión | 131 páginas |
| 650 14 - ASIENTO SECUNDARIO DE MATERIA - TERMINO TEMATICO | |
| Término temático o nombre geográfico como elemento de entrada | Ornitología |
| Subdivisión de forma | Directorios. |
| 9 (RLIN) | 48164 |
| 700 1# - ASIENTO SECUNDARIO - NOMBRE PERSONAL | |
| Nombre personal | Rosenberg, Kenneth V., |
| Término de relación | compilador |
| 9 (RLIN) | 22081 |
| 700 1# - ASIENTO SECUNDARIO - NOMBRE PERSONAL | |
| Nombre personal | Wiedenfeld, David A. |
| Término de relación | compilador |
| 9 (RLIN) | 22082 |
| 942 ## - ELEMENTOS ADICIONALES (KOHA) | |
| Tipo de ítem | Libro |
| Sistema de clasificación | Dewey Decimal Classification |
| Withdrawn status | Lost status | Sistema de Clasificación | Damaged status | No para préstamo | Colección | Inventariado | Ubicación Permanente | Ubicación actual | Fecha de adquisición | Fuente de Valor | Valor | Total Checkouts | Número topográfico | Inventario / Código de Barras | Date last seen | Ejemplar | Price effective from | Forma de adquisición | Tipo de material |
|---|---|---|---|---|---|---|---|---|---|---|---|---|---|---|---|---|---|---|---|
| Dewey Decimal Classification | General | Inventariado 2017 | Bogotá | Bogotá | 11/07/2005 | Instituto | 39000.00 | LB-598 D59d | 019275 | 04/12/2012 | Ej. 1 | 04/12/2012 | Libro | ||||||
| Dewey Decimal Classification | General | Inventariado 2017 | Sala Fabio Quevedo | Sala Fabio Quevedo | 13/12/2006 | Instituto | 39000.00 | LB-598 D59d | 023921 | 04/12/2012 | Ej. 2 | 04/12/2012 | Libro |